00778 2200325 4500001002100000005001500021035002000036007000300056008004100059082000800100084001400108100001500122245004000137260004100177300003700218650002000255990001700275990001700292990001300309990001300322990001300335990001300348990001300361990001300374990001300387990001300400990001300413990001300426990001300439INLIS00000000000012520221207095848 a0010-1122000125ta221207 g 1 ind  a813 a813 LAL j0 aLalu safii1 aJanji si burung hantu /cLalu safii aJakarta :bPT. Ardadizya jaya,c1995 a7, 83 hlm. :bilus ;c20 x 14 cm 4aFiksi indonesia a202100200082 a202100200083 a03550355 a03550355 a03550355 a03550355 a03550355 a05120512 a09510951 a09610961 a03800380 a03810381 a03820382